000 00304nam a22001337a 4500
008 181022b xxu||||| |||| 00| 0 eng d
020 _a9780618001033
041 _aeng
080 _a941
100 _a17
101 _aHIS
245 _aThe Age of Aristocracy 1688-1830
_cWillcox, W.B
942 _2udc
_cBK
999 _c50523
_d50523